Las antesalas de la nada.

Juicio a las Juntas Militares. Declaraciones testimoniales de F. Manrique, M. Grondona, J. Timermann, J. Triaca. Testimonios sobre los métodos de tortura. Declaraciones de los secuestrados.

Guardado en:
Formato: Deslizar
Series:El juicio que cambió al país
Materias:
Etiquetas: Agregar Etiqueta
Sin Etiquetas, Sea el primero en etiquetar este registro!
LEADER 00948ngm a22002535g 4500
001 CEM.cems022376
008 130507b1998##################0###0#####d
005 20241031142626.0
245 0 0 |a Las antesalas de la nada. 
300 |a 26'. 
490 0 |a El juicio que cambió al país 
500 |a En soporte VHS, consultar en ventanilla. 
538 |a Soporte: VHS - Norma: Pal N - Color: Si - Grabación DRD 1998 - Hitachi=5105 
520 |a Juicio a las Juntas Militares. Declaraciones testimoniales de F. Manrique, M. Grondona, J. Timermann, J. Triaca. Testimonios sobre los métodos de tortura. Declaraciones de los secuestrados. 
082 9 8 |/ JUI 
653 |a HISTORIA ARGENTINA 
653 |a JUNTA MILITAR 
653 |a TORTURA 
653 |a SECUESTRO 
653 |a DESAPARECIDOS 
653 |a DICTADURA 
653 |a NIVEL PRIMARIO 
653 |a NIVEL SECUNDARIO 
859 |a CEMS  |b BIB. CEMS - Depto. Recursos Didacticos  |h 982  |i JUI  |k DRD  |p 1019.12  |t Ej.1